<?xml version="1.0" encoding="UTF-8"?><?xml-stylesheet type="text/xsl" href="static/style.xsl"?><OAI-PMH xmlns="http://www.openarchives.org/OAI/2.0/" xmlns:xsi="http://www.w3.org/2001/XMLSchema-instance" xsi:schemaLocation="http://www.openarchives.org/OAI/2.0/ http://www.openarchives.org/OAI/2.0/OAI-PMH.xsd"><responseDate>2026-04-17T03:41:28Z</responseDate><request verb="GetRecord" identifier="oai:www.recercat.cat:11351/10103" metadataPrefix="marc">https://recercat.cat/oai/request</request><GetRecord><record><header><identifier>oai:recercat.cat:11351/10103</identifier><datestamp>2025-10-24T08:49:53Z</datestamp><setSpec>com_2072_378070</setSpec><setSpec>com_2072_378040</setSpec><setSpec>com_2072_378071</setSpec><setSpec>col_2072_378092</setSpec><setSpec>col_2072_378097</setSpec></header><metadata><record xmlns="http://www.loc.gov/MARC21/slim" xmlns:dcterms="http://purl.org/dc/terms/" xmlns:xsi="http://www.w3.org/2001/XMLSchema-instance" xmlns:doc="http://www.lyncode.com/xoai" xsi:schemaLocation="http://www.loc.gov/MARC21/slim http://www.loc.gov/standards/marcxml/schema/MARC21slim.xsd">
   <leader>00925njm 22002777a 4500</leader>
   <datafield ind2=" " ind1=" " tag="042">
      <subfield code="a">dc</subfield>
   </datafield>
   <datafield ind2=" " ind1=" " tag="720">
      <subfield code="a">Palmas Candia, Fiorella Ximena</subfield>
      <subfield code="e">author</subfield>
   </datafield>
   <datafield ind2=" " ind1=" " tag="720">
      <subfield code="a">Guerra, Raul</subfield>
      <subfield code="e">author</subfield>
   </datafield>
   <datafield ind2=" " ind1=" " tag="720">
      <subfield code="a">Eiroa, Daniel</subfield>
      <subfield code="e">author</subfield>
   </datafield>
   <datafield ind2=" " ind1=" " tag="720">
      <subfield code="a">espinet, carina</subfield>
      <subfield code="e">author</subfield>
   </datafield>
   <datafield ind2=" " ind1=" " tag="720">
      <subfield code="a">Roson Gradaille, Nuria</subfield>
      <subfield code="e">author</subfield>
   </datafield>
   <datafield ind2=" " ind1=" " tag="720">
      <subfield code="a">Ciudin Mihai, Andreea</subfield>
      <subfield code="e">author</subfield>
   </datafield>
   <datafield ind2=" " ind1=" " tag="720">
      <subfield code="a">Burgos Peláez, Rosa</subfield>
      <subfield code="e">author</subfield>
   </datafield>
   <datafield ind2=" " ind1=" " tag="720">
      <subfield code="a">Simó Canonge, Rafael</subfield>
      <subfield code="e">author</subfield>
   </datafield>
   <datafield ind2=" " ind1=" " tag="260">
      <subfield code="c">2023-08-21T08:18:41Z</subfield>
   </datafield>
   <datafield ind2=" " ind1=" " tag="260">
      <subfield code="c">2023-08-21T08:18:41Z</subfield>
   </datafield>
   <datafield ind2=" " ind1=" " tag="260">
      <subfield code="c">2023-06-26</subfield>
   </datafield>
   <datafield ind2=" " ind1=" " tag="520">
      <subfield code="a">Body composition; Computed tomography; Morbid obesity</subfield>
   </datafield>
   <datafield ind2=" " ind1=" " tag="520">
      <subfield code="a">Composición corporal; Tomografía computarizada; Obesidad mórbida</subfield>
   </datafield>
   <datafield ind2=" " ind1=" " tag="520">
      <subfield code="a">Composició corporal; Tomografia computaritzada; Obesitat mòrbida</subfield>
   </datafield>
   <datafield ind2=" " ind1=" " tag="520">
      <subfield code="a">Objective: a) To evaluate the accuracy of the pre-existing equations (based on cm2 provided by CT images), to estimate in kilograms (Kg) the body composition (BC) in patients with obesity (PwO), by comparison with Dual-energy X-ray absorptiometry (DXA). b) To evaluate the accuracy of a new approach (based on both cm2 and Hounsfield Unit parameters provided by CT images), using an automatic software and artificial intelligence to estimate the BC in PwO, by comparison with DXA.&#xd;
Methods: Single-centre cross-sectional study including consecutive PwO, matched by gender with subjects with normal BMI. All the subjects underwent BC assessment by Dual-energy X-ray absorptiometry (DXA) and skeletal-CT at L3 vertebrae. CT images were processed using FocusedON-BC software. Three different models were tested. Model 1 and 2, based on the already existing equations, estimate the BC in Kg based on the tissue area (cm2) in the CT images. Model 3, developed in this study, includes as additional variables, the tissue percentage and its average Hounsfield unit.&#xd;
Results: 70 subjects (46 PwO and 24 with normal BMI) were recruited. Significant correlations for BC were obtained between the three models and DXA. Model 3 showed the strongest correlation with DXA (r= 0.926, CI95% [0.835-0.968], p&lt;0.001) as well as the best agreement based on Bland – Altman plots.&#xd;
Conclusion: This is the first study showing that the BC assessment based on skeletal CT images analyzed by automatic software coupled with artificial intelligence, is accurate in PwO, by comparison with DXA. Furthermore, we propose a new equation that estimates both the tissue quantity and quality, that showed higher accuracy compared with those currently used, both in PwO and subjects with normal BMI.</subfield>
   </datafield>
   <datafield ind2=" " ind1=" " tag="520">
      <subfield code="a">This study was supported by grants from the Instituto de Salud Carlos III (Fondo de Investigación Sanitaria, PI20/01806). The funders had no role in study design, data collection and analysis, decision to publish, or preparation of the manuscript.</subfield>
   </datafield>
   <datafield ind1="8" ind2=" " tag="024">
      <subfield code="a">http://hdl.handle.net/11351/10103</subfield>
   </datafield>
   <datafield tag="653" ind2=" " ind1=" ">
      <subfield code="a">Tomografia</subfield>
   </datafield>
   <datafield tag="653" ind2=" " ind1=" ">
      <subfield code="a">Obesitat - Imatgeria</subfield>
   </datafield>
   <datafield tag="653" ind2=" " ind1=" ">
      <subfield code="a">Radiografia</subfield>
   </datafield>
   <datafield tag="653" ind2=" " ind1=" ">
      <subfield code="a">ANALYTICAL, DIAGNOSTIC AND THERAPEUTIC TECHNIQUES, AND EQUIPMENT::Diagnosis::Diagnostic Techniques and Procedures::Diagnostic Imaging::Image Interpretation, Computer-Assisted::Tomography, X-Ray Computed</subfield>
   </datafield>
   <datafield tag="653" ind2=" " ind1=" ">
      <subfield code="a">DISEASES::Nutritional and Metabolic Diseases::Nutrition Disorders::Overnutrition::Obesity</subfield>
   </datafield>
   <datafield tag="653" ind2=" " ind1=" ">
      <subfield code="a">Other subheadings::Other subheadings::Other subheadings::/diagnostic imaging</subfield>
   </datafield>
   <datafield tag="653" ind2=" " ind1=" ">
      <subfield code="a">ANALYTICAL, DIAGNOSTIC AND THERAPEUTIC TECHNIQUES, AND EQUIPMENT::Diagnosis::Diagnostic Techniques and Procedures::Diagnostic Imaging::Radiography::Absorptiometry, Photon</subfield>
   </datafield>
   <datafield tag="653" ind2=" " ind1=" ">
      <subfield code="a">TÉCNICAS Y EQUIPOS ANALÍTICOS, DIAGNÓSTICOS Y TERAPÉUTICOS::diagnóstico::técnicas y procedimientos diagnósticos::diagnóstico por imagen::interpretación de imágenes asistida por ordenador::tomografía computarizada por rayos X</subfield>
   </datafield>
   <datafield tag="653" ind2=" " ind1=" ">
      <subfield code="a">ENFERMEDADES::enfermedades nutricionales y metabólicas::trastornos nutricionales::hipernutrición::obesidad</subfield>
   </datafield>
   <datafield tag="653" ind2=" " ind1=" ">
      <subfield code="a">Otros calificadores::Otros calificadores::Otros calificadores::/diagnóstico por imagen</subfield>
   </datafield>
   <datafield tag="653" ind2=" " ind1=" ">
      <subfield code="a">TÉCNICAS Y EQUIPOS ANALÍTICOS, DIAGNÓSTICOS Y TERAPÉUTICOS::diagnóstico::técnicas y procedimientos diagnósticos::diagnóstico por imagen::radiografía::absorciometría fotónica</subfield>
   </datafield>
   <datafield ind2="0" ind1="0" tag="245">
      <subfield code="a">Comparison of computed tomography and dual-energy X-ray absorptiometry in the evaluation of body composition in patients with obesity</subfield>
   </datafield>
</record></metadata></record></GetRecord></OAI-PMH>